000 00276nam a22001337a 4500
008 170804b xxu||||| |||| 00| 0 eng d
020 _a3411032189
041 _ager
080 _a004
100 _a33
101 _aSHK
245 _aCOMPILERBAU I
_cZIMA,H
942 _2udc
_cBK
999 _c22698
_d22698